Bayerische Kennzeichen - Statistiken

Allgemein
  • Dieses Quiz wurde 203 mal gespielt
  • Das Durchschnittsergebnis liegt bei 63 aus 155
Antwortstatistiken
Kennzeichen Antwort % Korrekt
A Augsburg
93%
AS Amberg-Sulzbach
91%
Altötting
88%
AM Amberg
88%
AN Ansbach
87%
AIC Aichach
84%
BA Bamberg
83%
DEG Deggendorf
81%
CHA Cham
80%
CO Coburg
79%
DAH Dachau
79%
FÜS* Füssen
78%
BT Bayreuth
76%
M München
76%
AB Aschaffenburg
75%
ED Erding
74%
DGF Dingolfing
73%
Fürth
73%
N Nürnberg
73%
REG Regen
73%
NU Neu-Ulm
71%
R Regensburg
71%
GAP Garmisch-Partenkirchen
69%
LA Landshut
69%
IN Ingolstadt
67%
BGD* Berchtesgaden
66%
HO Hof
66%
PA Passau
66%
ER Erlangen
65%
ERH Erlangen-Höchstadt
65%
RO Rosenheim
63%
AIB* Bad Aibling
62%
Würzburg
62%
TÖL Bad Tölz
61%
FS Freising
61%
FRG Freyung-Grafenau
60%
EBE Ebersberg
58%
FFB Fürstenfeldbruck
58%
MM Memmingen
58%
STA Starnberg
58%
EI | EIH** Eichstätt
57%
FO Forchheim
57%
LAU Lauf (Pegnitz)
57%
PAF Pfaffenhofen a.d.Ilm
56%
DON Donauwörth
53%
RH Roth
53%
TS Traunstein
53%
BOG* Bogen
52%
KU Kulmbach
52%
DLG Dillingen a.d.Donau
51%
KE Kempten (Allgäu)
51%
KEH Kelheim
49%
OA Oberallgäu
49%
SAD Schwandorf
49%
GRA* Grafenau
48%
KF Kaufbeuren
48%
LAN* Landau a.d.Isar
48%
MSP Main-Spessart
48%
BGL Berchtesgadener Land
47%
GZ Günzburg
47%
MB Miesbach
47%
ALZ* Alzenau
46%
GUN* Gunzenhausen
46%
LL Landsberg a.Lech
46%
NM Neumarkt i.d.OPf.
46%
SR Straubing
46%
WUN Wunsiedel
46%
HAS Haßfurt
45%
NEA Neustadt a.d.Aisch
44%
NEW Neustadt a.d.Waldnaab
44%
NEC* Neustadt b.Coburg
44%
PEG* Pegnitz
43%
ILL* Illertissen
42%
OAL Ostallgäu
42%
SW Schweinfurt
42%
TIR Tirschenreuth
42%
KT Kitzingen
40%
NÖ* Nördlingen
39%
KC Kronach
38%
LI Lindau (Bodensee)
38%
MIL Miltenberg
37%
LIF Lichtenfels
36%
DKB* Dinkelsbühl
35%
KG Bad Kissingen
34%
HIP* Hilpoltstein
34%
ND Neuburg a.d.Donau
34%
Mühldorf
33%
EG* Eggenfelden
31%
WEN Weiden i.d.OPf.
31%
WUG Weißenburg i.Bay.
31%
FEU* Feuchtwangen
30%
LF* Laufen
30%
FDB* Friedberg (Bayern)
29%
MAI* Mainburg
29%
PAR* Parsberg
28%
BRK* Bad Brückenau
27%
BUL* Burglengenfeld
27%
ROT* Rothenburg ob der Tauber
27%
SC Schwabach
27%
BEI** Beilngries
26%
EBS Ebermannstadt
26%
HÖS* Höchstadt a.d.Aisch
26%
VIB* Vilsbiburg
26%
NAI* Naila
25%
ROD* Roding
25%
EBN* Ebern
24%
PAN Pfarrkirchen
24%
SUL* Sulzbach
24%
WM Weilheim
24%
ESB* Eschenbach i.d.OPf.
22%
OCH* Ochsenfurt
22%
SOB* Schrobenhausen
22%
SEL* Selb
21%
WOR* Wolfratshausen
21%
GRI* Griesbach i.Rottal
20%
VIT* Viechtach
20%
MÜB* Münchberg
19%
REH* Rehau
19%
SOG* Schongau
19%
REI* Bad Reichenhall
18%
HEB* Hersbruck
18%
KRU* Krumbach (Schwaben)
18%
MAK* Marktredwitz
18%
UFF* Uffenheim
18%
WS* Wasserburg a.Inn
18%
MN Mindelheim
17%
RID* Riedenburg
17%
GEO* Gerolzhofen
16%
MAL* Mallersdorf
16%
OBB* Obernburg
16%
OVI* Oberviechtach
16%
HAB* Hammelburg
15%
NES Bad Neustadt a.d.Saale
13%
GEM** Gemünden
13%
LOH* Lohr a.Main
13%
ROL* Rottenburg a.d.Laaber
13%
SMÜ* Schwabmünchen
13%
VOH* Vohenstrauß
13%
KÖN* Bad Königshofen im Grabfeld
12%
HOH* Hofheim i.UFr
12%
NEN* Neunburg vorm Wald
12%
VOF** Vilshofen
11%
STE* Staffelstein
10%
MOD* Marktoberdorf
9%
KAR** Karlstadt
9%
SEF* Scheinfeld
9%
WÜM* Waldmünchen
9%
WER* Wertingen
9%
SAN* Stadtsteinach
8%
MET* Mellrichstadt
7%
WEG** Wegscheid
7%
MAR** Marktheidenfeld
6%
WOS* Wolfstein
6%
SF** Sonthofen
4%
Keine übereinstimmenden Quizze gefunden
Verteilung der Resultate
Anzahl Personen mit jedem Resultat
Perzentil nach korrekt beantworteten Fragen
Ihre Resultats-Entwicklung
Sie haben dieses Quiz noch nicht gespielt